| 000 | 02352 am a2200337 i 4500 | ||
|---|---|---|---|
| 001 | 7122120 | ||
| 003 | CaAEU | ||
| 005 | 20260304142156.0 | ||
| 008 | 150601r20152014nyu b 000 0 eng | ||
| 010 | _a 2015013287 | ||
| 020 | _a9781612194899 (hardback) | ||
| 020 | _a1612194893 (hardback) | ||
| 020 | _a9781612195216 (paperback) | ||
| 035 | _aocn900594552 | ||
| 040 |
_aDLC _beng _erda _cDLC _dIG# _dYDXCP _dBDX _dBTCTA _dIEP _dVP@ _dOCP _dTXA _dOCLCF _dOCLCO _dIGP _dOCLCO _dARDC _dAEVC |
||
| 041 | _aEnglish | ||
| 042 | _apcc | ||
| 050 | 0 | 0 |
_aTK5105.875.I57 _bB378 2015 |
| 100 |
_aBartlett, Jamie. _926786 |
||
| 245 | 1 | 4 |
_aThe dark net _b: inside the digital underworld _c/ Jamie Bartlett. |
| 264 | 1 |
_aBrooklyn : _bMelville House, _c[2015] |
|
| 264 | 4 | _c©2015 | |
| 300 |
_ax, 308 pages ; _c24 cm |
||
| 500 | _aFirst published in Great Britain in 2014 by William Heinemann. | ||
| 504 | _aIncludes bibliographical references (pages 301-308) | ||
| 505 | 0 | _aIntroduction: Liberty or Death — Unmasking the Trolls — The Lone Wolf — Into Galt's Gulch — Three Clicks — On the Road — Lights, Web-camera, Action — The Werther Effect — Conclusion: Zoltan vs Zerzan. | |
| 520 |
_a"An Independent and New Statesman Book of the Year. Beyond the familiar online world that most of us inhabit--a world of Google, Facebook, and Twitter--lies a vast and often hidden network of sites, communities, and cultures where freedom is pushed to its limits, and where people can be anyone, or do anything, they want. This is the world of Bitcoin and Silk Road, of radicalism and pornography. This is the Dark Net. In this important and revealing book, Jamie Bartlett takes us deep into the digital underworld and presents an extraordinary look at the internet we don't know. Beginning with the rise of the internet and the conflicts and battles that defined its early years, Bartlett reports on trolls, pornographers, drug dealers, hackers, political extremists, Bitcoin programmers, and vigilantes--and puts a human face on those who have many reasons to stay anonymous. Rich with historical research and revelatory reporting, The Dark Net is an unprecedented, eye-opening look at a world that doesn't want to be known"-- _cProvided by publisher. |
||
| 650 | 0 |
_aInternet _91135 |
|
| 650 | 0 |
_aInternet - Moral and ethical aspects. _926787 |
|
| 942 | _2lcc | ||
| 999 |
_c5377 _d5377 |
||